000 01338nam0a2200301 4500
001 RU\NLR\bibl\1221820
005 20260405160513.0
010 _a978-5-89123-934-0
_93000
021 _aRU
_b2008-14892
_9809
035 _a(NLR Aleph) 001208165
090 _a61048
_c61048
100 _a20080504d2008 |||y0rusy50 ca
101 0 _arus
102 _aRU
105 _aa |||||||||
200 1 _aМаркетинг в практике современной фирмы
_eучебник для бизнес-школ
_eучебник для слушателей бизнес-школ и системы повышения квалификации по специальности "Маркетинг"
_fН.Н. Павлова
210 _aМосква
_cНОРМА
_d2008
215 _a369 с.
_cил.
_d22
320 _aБиблиогр.: с. 359-362 (66 назв.)
606 1 _aФирмы
_jУчебники для высших учебных заведений
_xМаркетинг
_92145415
_3RU\NLR\auth\661292604
686 _aУ9(2)-361.4(2Р)я73
686 _aУ5-361.4я73
700 1 _4070
_8rus
_7ca
_aПавлова
_bН. Н.
_cканд. техн. наук
_gНина Николаевна
_3RU\NLR\auth\7767124
_950052
801 0 _aRU
_bNLR
_c20080504
_gRCR
801 1 _aRU
_bNLR
_c20080504
942 _cBOOK
980 _aNB